Statistiques concernant Pôles verts des Hauts-de-France sur une carte

Cliquez ici pour prendre le quiz!

Statistiques générales

  • Ce quiz a été pris 33 fois
  • Le résultat moyen est 27 sur 37

Réponses sur la Carte

Les réponses sont colorées sur une échelle allant du rouge au vert en fonction du pourcentage des utilisateurs qui les ont devinées à leur premier essai. Vous pouvez retrouver ces pourcentages ci-dessous.
 

Statistiques - réponses

NiveauVille% Correct
5Lille
100%
4Dunkerque
97%
4Amiens
93%
5Calais
93%
3Beauvais
90%
3Laon
90%
4Roubaix
90%
4Valenciennes
90%
4Boulogne-sur-Mer
87%
4Lens
87%
4Tourcoing
87%
4Arras
83%
3Saint-Quentin
83%
3Abbeville
80%
3Compiègne
80%
3Creil
80%
3Le Touquet
80%
3Soissons
80%
4Douai
77%
3Villeneuve-d'Ascq
77%
3Chantilly
73%
3Berck
70%
3Béthune
70%
3Cambrai
70%
4Maubeuge
67%
3Saint-Omer
63%
3Château-Thierry
60%
3Armentières
57%
3Hazebrouck
57%
3Hénin-Beaumont
57%
3Senlis
57%
3Wattrelos
47%
3Tergnier
43%
3Denain
37%
3Saint-Amand-les-Eaux
37%
3Bruay-la-Buissière
33%
3Chauny
30%

Distribution des résultats

Percentile par nombre de réponses

% des personnes avec chaque résultat

Votre développement - résultats

Vous n’avez pas pris ce quiz